Optimálna výživa

Bibliographic Details
Main Author: Kwaśniewski, Jan, 1937-2019 (Author)
Format: Book
Language:Slovak
Polish
PhysicalDescription:248 strán tabuľky 21 cm
Published: [Malinovo] [Jozef Lupric] 2019
ISBN:9788057015017
Subjects:

MARC

LEADER 00000cam a2200000 4500
001 vtls011920414
003 SK-MaSNL
005 20260301225416.0
008 210701s2019 xo a gr 000 0 slo
015 |a SNBA2020/06 
020 |a 9788057015017  |q (viazané) 
035 |a urn:nbn:sk:snk-am00ffik 
035 |a urn:nbn:sk:snk-am3irwb 
035 |a 779B60C1-8D9B-41E9-9937-130529B37BD5 
040 |a SNK  |b slo  |c SNK  |e rda 
041 1 |a slo  |h pol  |k eng 
044 |a xo  |c SK 
072 7 |a 613  |x Hygiena. Ľudské zdravie  |2 konspekt 
080 |a 613.2  |2 2011 
080 |a (035)  |2 2011 
100 1 |a Kwaśniewski, Jan,  |d 1937-2019  |4 aut  |9 199667 
240 1 0 |a Żywienie optymalne  |l Slovensky 
245 1 0 |a Optimálna výživa  |c Jan Kwaśniewski ; z verzie v anglickom jazyku preložil Jozef Luprich 
264 1 |a [Malinovo]  |b [Jozef Lupric]  |c 2019 
300 |a 248 strán  |b tabuľky  |c 21 cm 
336 |a text  |b txt  |2 rdacontent 
337 |a bez média  |b n  |2 rdamedia 
338 |a zväzok  |b nc  |2 rdacarrier 
500 |a Vydavateľské údaje podľa NA ISBN 
500 |a Obsahuje biografické údaje o autorovi na zadnej strane obalu 
650 0 7 |a zdravá výživa  |2 SNKPH  |9 66259 
650 0 7 |a Healthy eating  |2 SNKPHeng  |9 267865 
655 7 |a príručky  |2 SNKPH  |9 74364 
655 7 |a Handbooks, manuals, etc.  |2 SNKPHeng  |9 90964 
919 |a 978-80-570-1501-7 
958 |a OND 
958 |a OP 
958 |a PL 
999 |c 950774  |d 952704 
952 |a SNK  |b SNK  |y PREZ  |7 0  |p 17A1416865  |o snkSC 188108  |i snk2020/4940  |8 0  |0 0  |1 0  |4 0  |d 2020-02-27  |f 1  |l 0  |r 2026-02-24 09:47:27  |w 2026-02-24 
952 |a SNK  |b SNK  |y VYP  |7 0  |p 17A1416866  |o snkSC 188108 D1  |i snk2020/4941  |8 0  |0 0  |1 0  |4 0  |d 2020-02-27  |l 0  |r 2026-02-24 09:47:27  |w 2026-02-24